000 00688nam a2200217 u 4500
005 20210223133806.0
008 190506s2005 r 000 0 eng d
020 _a8506043808
035 _aUPN01000230318
049 _aI
050 4 _aPZ88
_bA4.3
100 1 _aAlves Pinto, Ziraldo,
_d1932-
_930786
245 1 3 _aEl gusanito que deseaba crecer /
_ctexto e il. Ziraldo ; tr. Yolanda Serrano.
260 _aSao Paulo, Br. :
_bMelhoramentos,
_c2005.
300 _a21 p. :
_bprincipalmente il. col.
440 0 _aGusanito
534 _pTítulo original :
_tO bichinho que queria crescer
650 4 _aLITERATURA INFANTIL BRASILEÑA
_911916
905 _aInfantil
999 _c202413
_d202413